[Event "Turkish Cup 2016"]
[Site "Manavgat TUR"]
[Date "2016.02.03"]
[Round "7.24"]
[White "Akdogan, Alperen"]
[Black "Pektas, Yigit"]
[Result "1-0"]
[WhiteElo "2114"]
[BlackElo "1815"]
[WhiteTeam "ISTANBUL"]
[BlackTeam "ANTALYA"]
[WhiteFideId "6347363"]
[BlackFideId "6367046"]
[EventDate "2016.01.30"]

1. e4 e6 2. d3 d5 3. Nd2 Nf6 4. Ngf3 c5 5. g3 Nc6 6. Bg2 Be7 7. O-O O-O 8. Re1
Qc7 9. Qe2 Re8 10. e5 Nd7 11. Nf1 f6 12. exf6 Nxf6 13. Bf4 Bd6 14. Bg5 Qf7 15.
h4 e5 16. Bxf6 gxf6 17. c4 dxc4 18. dxc4 Nd4 19. Nxd4 cxd4 20. Nd2 Be6 21. Ne4
Be7 22. b3 Rad8 23. Rad1 f5 24. Ng5 Bxg5 25. hxg5 e4 26. f3 e3 27. f4 Qd7 28.
Rd3 b5 29. cxb5 Qxb5 30. Rxe3 d3 31. Qd2 Bf7 32. Rxe8+ Rxe8 33. Rxe8+ Bxe8 34.
Bf1 Qc5+ 35. Qf2 Qd6 36. Qf3 d2 37. Be2 Bc6 38. Qf1 Qd4+ 39. Kh2 Bb5 40. Kh3 Qd5
41. Qf3 Qe4 42. Bd1 Qe1 43. Qd5+ Kg7 44. Bh5 Be8 45. Bxe8 Qxe8 46. Qxd2 1-0

[Event "Turkish Cup 2016"]
[Site "Manavgat TUR"]
[Date "2016.02.03"]
[Round "7.25"]
[White "Okus, Melih"]
[Black "Yokus, Kadir Geylani"]
[Result "1-0"]
[WhiteElo "2013"]
[BlackElo "1824"]
[WhiteTeam "IZMIR"]
[BlackTeam "BURSA"]
[WhiteFideId "6305407"]
[BlackFideId "6395660"]
[EventDate "2016.01.30"]

1. c4 e5 2. g3 Nc6 3. Nc3 f5 4. Bg2 Nf6 5. d3 Bc5 6. e3 O-O 7. Nge2 d6 8. O-O a5
9. Nd5 Nxd5 10. cxd5 Nb8 11. d4 Bb6 12. b3 Nd7 13. Bb2 Qe7 14. dxe5 dxe5 15. Qd2
Nf6 16. Rad1 Bc5 17. Nc3 Rd8 18. e4 fxe4 19. Nxe4 Nxe4 20. Bxe4 Bh3 21. Bg2 Bxg2
22. Kxg2 Ra6 23. Qc3 Bd4 24. Qc4 Qb4 25. Bxd4 Qxc4 26. bxc4 exd4 27. Rxd4 Rad6
28. Rfd1 b6 29. f4 c6 30. Kf3 b5 31. c5 Rxd5 32. Rxd5 cxd5 33. Ke3 d4+ 34. Rxd4
Rc8 35. Rd5 Kf7 36. Kd4 Ke6 37. Rd6+ Ke7 38. Ra6 a4 39. Rb6 Rd8+ 40. Ke5 Rd2 41.
Rb7+ Kd8 42. Rxb5 Rxa2 43. Rb7 a3 44. Rxg7 Rd2 45. Rxh7 a2 46. Ra7 Rxh2 47. g4
Rc2 48. Kf6 Rc4 49. Kg5 Rxc5+ 50. f5 Rc2 51. Kg6 Rc6+ 52. f6 Rc4 53. g5 Rc2 54.
f7 Rf2 55. Rxa2 1-0

[Event "Turkish Cup 2016"]
[Site "Manavgat TUR"]
[Date "2016.02.03"]
[Round "7.26"]
[White "Oner, Oguz"]
[Black "Tuncer, Tuna"]
[Result "1/2-1/2"]
[BlackTitle "FM"]
[WhiteElo "1858"]
[BlackElo "2353"]
[WhiteTeam "MERSIN"]
[BlackTeam "ISTANBUL"]
[WhiteFideId "6329330"]
[BlackFideId "6349269"]
[EventDate "2016.01.30"]

1. d4 Nf6 2. c4 g6 3. Nc3 d5 4. Nf3 Bg7 5. h4 c5 6. dxc5 Qa5 7. cxd5 Nxd5 8.
Qxd5 Bxc3+ 9. Bd2 Bxd2+ 10. Qxd2 Qxd2+ 11. Nxd2 Be6 12. g3 Na6 13. Bg2 Nxc5 14.
b4 Nd7 15. Bxb7 Rb8 16. Rc1 Kf8 17. h5 gxh5 18. Bc8 1/2-1/2

[Event "Turkish Cup 2016"]
[Site "Manavgat TUR"]
[Date "2016.02.03"]
[Round "7.27"]
[White "Gulden, Egemen"]
[Black "Karayel, Atagun"]
[Result "1-0"]
[WhiteElo "2229"]
[BlackElo "1919"]
[WhiteTeam "IZMIR"]
[BlackTeam "KARAMAN"]
[WhiteFideId "6324983"]
[BlackFideId "6305318"]
[EventDate "2016.01.30"]

1. e4 e5 2. Nc3 Nc6 3. g3 Bc5 4. Bg2 d6 5. d3 f5 6. Na4 Nf6 7. Nxc5 dxc5 8. Be3
Qd6 9. Ne2 fxe4 10. dxe4 Bg4 11. f3 Bh5 12. O-O O-O 13. c3 b6 14. Qc2 Rad8 15.
Rad1 Qe6 16. b3 c4 17. b4 Rd3 18. Bd2 Nxe4 19. fxe4 Bxe2 20. Rxf8+ Kxf8 21. Re1
Bg4 22. Bg5 h6 23. Be3 Kg8 24. Bf1 Rd8 25. b5 Na5 26. Qg2 Qd7 27. h3 Be6 28. Rb1
c6 29. bxc6 Nxc6 30. g4 Ne7 31. g5 h5 32. Qf3 g6 33. Qf6 Rf8 34. Qxe5 Bxh3 35.
Bxc4+ Kh7 36. Kh2 Nc6 37. Qg3 Be6 38. Rf1 Rf7 39. Rxf7+ Qxf7 40. Bb5 Bd7 41. Qd6
Qe8 42. Bxc6 Bxc6 43. Bd4 Qf7 44. Qe5 Qxa2+ 45. Kg3 h4+ 46. Kxh4 1-0

[Event "Turkish Cup 2016"]
[Site "Manavgat TUR"]
[Date "2016.02.03"]
[Round "7.28"]
[White "Ererdem, Gani Eren"]
[Black "Baltaci, Ismail Tarik"]
[Result "1-0"]
[WhiteElo "2152"]
[BlackElo "1842"]
[WhiteTeam "KARAMAN"]
[BlackTeam "YALOVA"]
[WhiteFideId "6310915"]
[BlackFideId "6365213"]
[EventDate "2016.01.30"]

1. d4 Nf6 2. Nf3 e6 3. g3 b6 4. Bg2 Bb7 5. O-O Be7 6. c4 O-O 7. Re1 c5 8. d5
exd5 9. Nh4 Ne4 10. cxd5 Bxh4 11. Bxe4 Bf6 12. Qc2 h6 13. Bf4 d6 14. Nd2 Qe7 15.
Nc4 Rd8 16. Bg2 Na6 17. e4 Qf8 18. Rad1 Bd4 19. h4 Rab8 20. a3 Nc7 21. b4 Ba6
22. Nxd6 Rxd6 23. Rxd4 cxd4 24. Qxc7 Rdd8 25. Qxa7 Ra8 26. Qxb6 d3 27. Bc7 Qe8
28. Bxd8 Qa4 29. Bf3 d2 30. Rd1 1-0

[Event "Turkish Cup 2016"]
[Site "Manavgat TUR"]
[Date "2016.02.03"]
[Round "7.29"]
[White "Uygun, Umut Unal"]
[Black "Donmez, Yusuf"]
[Result "0-1"]
[WhiteElo "1980"]
[BlackElo "2071"]
[WhiteTeam "ANTALYA"]
[BlackTeam "KARAMAN"]
[WhiteFideId "6367135"]
[BlackFideId "6301967"]
[EventDate "2016.01.30"]

1. e4 d5 2. exd5 Nf6 3. d4 Bg4 4. Nf3 Qxd5 5. Be2 Nc6 6. O-O O-O-O 7. Be3 Qh5 8.
c4 e5 9. d5 e4 10. Nd4 Nxd4 11. Bxg4+ Nxg4 12. h3 Nf3+ 13. gxf3 Qxh3 14. fxg4
Bd6 15. f4 Qxe3+ 16. Kh1 Qh3+ 17. Kg1 Bc5+ 0-1

[Event "Turkish Cup 2016"]
[Site "Manavgat TUR"]
[Date "2016.02.03"]
[Round "7.30"]
[White "Cakiroglu, Metin"]
[Black "Sari, Yasin"]
[Result "0-1"]
[WhiteElo "1878"]
[BlackElo "2088"]
[WhiteTeam "KARAMAN"]
[BlackTeam "ANTALYA"]
[WhiteFideId "6310672"]
[BlackFideId "6320902"]
[EventDate "2016.01.30"]

1. e4 c5 2. Nc3 a6 3. g3 b5 4. d3 Bb7 5. Be3 e6 6. Qd2 d5 7. exd5 Nf6 8. Bg2
Nxd5 9. Nf3 Nxe3 10. fxe3 Qc7 11. O-O Bd6 12. e4 Nd7 13. Qg5 O-O 14. Rae1 Ne5
15. Ne2 Nxf3+ 16. Bxf3 Be5 17. b3 Rad8 18. Nf4 h6 19. Qg4 c4 20. dxc4 bxc4 21.
Rd1 Kh8 22. Bg2 cxb3 23. cxb3 Qc2 24. Rxd8 Rxd8 25. Qh5 Bxf4 26. gxf4 Rd2 27.
Qf3 f5 28. Rf2 fxe4 29. Qe3 Rxf2 30. Qxf2 Qxf2+ 0-1

[Event "Turkish Cup 2016"]
[Site "Manavgat TUR"]
[Date "2016.02.03"]
[Round "7.31"]
[White "Gundogan, Cem"]
[Black "Ceylan, Imamettin"]
[Result "1-0"]
[WhiteElo "2076"]
[BlackElo "1956"]
[WhiteTeam "KOCAELI"]
[BlackTeam "SIIRT"]
[WhiteFideId "6311032"]
[BlackFideId "6306136"]
[EventDate "2016.01.30"]

1. e4 c5 2. Nf3 Nc6 3. Bc4 e6 4. Qe2 g6 5. c3 Bg7 6. Bb3 a6 7. O-O Nge7 8. e5
Qc7 9. d4 cxd4 10. cxd4 Nf5 11. Rd1 Ncxd4 12. Nxd4 Nxd4 13. Rxd4 Qxc1+ 14. Rd1
Qc5 15. Nd2 Qxe5 16. Qf3 O-O 17. Nc4 Qf6 18. Qg3 b5 19. Nb6 Ra7 20. Rac1 d5 21.
Nxc8 Rd7 22. Nb6 Rdd8 23. Rc2 Qe7 24. Rc7 Qb4 25. Nd7 Qe4 26. Qf3 Qxf3 27. gxf3
Rfe8 28. Nc5 a5 29. Nd3 a4 30. Bc2 Rc8 31. Rxc8 Rxc8 32. Bb1 Kf8 33. Kf1 Ke7 34.
Rd2 Kd6 35. Rc2 Rxc2 36. Bxc2 e5 37. b3 a3 38. Ne1 Kc5 39. Ke2 Kd4 40. b4 Bf8
41. Bb3 f5 42. Nc2+ Kc3 43. Nxa3 Kxb4 44. Nc2+ Kc5 45. Ne3 d4 46. Nd5 h5 47. Kd3
Bd6 48. Nf6 Be7 49. Ng8 Bg5 50. Bf7 Kd6 51. Bxg6 Ke6 52. Bxh5 Bh4 53. Be8 b4 54.
h3 Bxf2 55. Bb5 Bh4 56. Be8 Bg5 57. Kc4 Bd2 58. h4 Bc3 59. h5 e4 60. fxe4 fxe4
61. Bg6 d3 62. Bxe4 d2 63. Bc2 Bg7 64. Kd3 Bc3 65. Bd1 1-0

[Event "Turkish Cup 2016"]
[Site "Manavgat TUR"]
[Date "2016.02.03"]
[Round "7.32"]
[White "Gulbeyaz, Emir"]
[Black "Afyoncu, Omer"]
[Result "1-0"]
[WhiteElo "1936"]
[BlackElo "2037"]
[WhiteTeam "KARAMAN"]
[BlackTeam "ANKARA"]
[WhiteFideId "6377076"]
[BlackFideId "6305989"]
[EventDate "2016.01.30"]

1. e4 c5 2. Nf3 e6 3. d4 cxd4 4. Nxd4 Nc6 5. c4 Qh4 6. Nc3 Bb4 7. Qd3 Nf6 8.
Nxc6 Bxc3+ 9. bxc3 dxc6 10. e5 Nd7 11. g3 Qd8 12. f4 Qa5 13. Bg2 O-O 14. O-O Nc5
15. Qc2 Rd8 16. Be3 Rd3 17. Bd4 Qa4 18. Qf2 b6 19. Rfe1 Ba6 20. Bf1 Rd8 21. f5
exf5 22. Qxf5 Bxc4 23. Bxc5 bxc5 24. Bxd3 Bxd3 25. Rad1 g6 26. Qf6 Rd5 27. e6
fxe6 28. Qxe6+ Kg7 29. Qe7+ Kh6 30. Qf8+ Kg5 31. Rxd3 Rxd3 32. Re5+ Kg4 33. h3+
Kxh3 34. Qf1+ 1-0

[Event "Turkish Cup 2016"]
[Site "Manavgat TUR"]
[Date "2016.02.03"]
[Round "7.33"]
[White "Temizkan, Denizcan"]
[Black "Guven, Oguz Kagan"]
[Result "1/2-1/2"]
[WhiteTitle "FM"]
[WhiteElo "2002"]
[BlackElo "1854"]
[WhiteTeam "HATAY"]
[BlackTeam "IZMIR"]
[WhiteFideId "6325157"]
[BlackFideId "6325297"]
[EventDate "2016.01.30"]

1. d4 c5 2. d5 e5 3. e4 d6 4. Nc3 Be7 5. Nf3 Bg4 6. Be2 Bxf3 7. Bxf3 Bg5 8. O-O
Bxc1 9. Qxc1 a6 10. a4 Nd7 11. Be2 Ne7 12. Nd1 O-O 13. Ne3 g6 14. Nc4 Nf6 15.
Qe3 Nc8 16. f4 exf4 17. Qxf4 Kg7 18. Ra3 Qe7 19. Rh3 Ng8 20. Bg4 b5 21. Ne3 Qe5
22. Nf5+ Kh8 23. Qe3 Nce7 24. Nh4 bxa4 25. Nf3 Qg7 26. Ng5 h6 27. Qf4 f5 28.
exf5 gxf5 29. Bf3 Qd4+ 30. Qxd4+ cxd4 31. Ra1 Rfb8 32. Nf7+ Kg7 33. Nxd6 Rxb2
34. Rg3+ Kf6 35. Nc4 Rxc2 36. Rxa4 Ng6 37. Nb6 Re8 38. Ra1 f4 39. Rh3 d3 40. Rd1
d2 41. Kf2 Ne5 42. Be4 Rb2 43. Na4 Rb4 44. Nc3 Rd4 45. Rh4 Kg5 46. g3 fxg3+ 47.
hxg3 Ng4+ 48. Rxg4+ Kxg4 49. Bf3+ Kg5 50. Ne2 Rd3 51. Nf4 Ra3 52. Rxd2 Ree3 53.
Ne6+ Kf5 54. Nd4+ Ke5 55. d6 Red3 56. Re2+ Kxd6 57. Nf5+ Kd7 58. Be4 Rd1 59. Ne3
Rc1 60. Bf5+ Kd6 61. Rd2+ Kc5 62. Rd5+ Kc6 63. Rd8 Ne7 64. Be4+ Kc7 65. Rd2 Rcc3
66. Ng4 Rxg3 67. Ne5 Ng8 68. Rd7+ Kb6 69. Nc4+ Kc5 70. Nxa3 Rxa3 71. Rd5+ Kc4
72. Rd6 Ra5 73. Bd3+ Kc5 74. Rxa6 Rxa6 75. Bxa6 Kd4 76. Kf3 Nf6 1/2-1/2

[Event "Turkish Cup 2016"]
[Site "Manavgat TUR"]
[Date "2016.02.03"]
[Round "7.34"]
[White "Esen, Nejdet"]
[Black "Aysoy, Veysi"]
[Result "1-0"]
[WhiteElo "2058"]
[BlackElo "1898"]
[WhiteTeam "YALOVA"]
[BlackTeam "BITLIS"]
[WhiteFideId "6305644"]
[BlackFideId "6306071"]
[EventDate "2016.01.30"]

1. e4 d5 2. Nc3 d4 3. Nce2 e5 4. Ng3 c5 5. Bc4 Nf6 6. Nf3 Bd6 7. O-O Bg4 8. h3
Be6 9. Qe2 Qd7 10. Ng5 Nc6 11. Nxe6 fxe6 12. a3 a6 13. d3 O-O-O 14. f4 g6 15. f5
gxf5 16. exf5 Nd5 17. Qg4 Rhg8 18. fxe6 Qe8 19. Qf3 Nde7 20. Ne4 Qg6 21. Bg5 h6
22. Bh4 Kc7 23. g4 b5 24. Bb3 h5 25. g5 Rgf8 26. Qxf8 Rxf8 27. Rxf8 c4 28. Rf6
Qg8 29. dxc4 bxc4 30. Bxc4 Na5 31. Ba2 Qa8 32. Re1 Qc6 33. Bg3 h4 34. Bh2 Nb7
35. Rf7 d3 36. Nxd6 d2 37. Rd1 Qxd6 38. Rf2 Qd4 39. Rxd2 Qe3 40. Kf1 Nc5 41.
Rde2 Qxh3+ 42. Ke1 Kc6 43. Rxe5 Qg4 44. b4 Ne4 45. Rf4 Qh3 46. Rexe4 Qxh2 47.
Rxh4 Qg3+ 48. Kd1 Qg1+ 49. Kd2 Qxg5+ 50. Kc3 Qc1 51. Kb3 Kd6 52. Re2 Nf5 53. e7
Nxe7 54. Rd4+ Nd5 55. Ka4 a5 56. Rxd5+ Kc7 57. Rxa5 Kd7 58. Rd5+ Kc7 59. Bc4 1-0

[Event "Turkish Cup 2016"]
[Site "Manavgat TUR"]
[Date "2016.02.03"]
[Round "7.35"]
[White "Kilic, Efe Mert"]
[Black "Celik, Berkay"]
[Result "1-0"]
[WhiteElo "1998"]
[BlackElo "1814"]
[WhiteTeam "KOCAELI"]
[BlackTeam "DUZCE"]
[WhiteFideId "6354327"]
[BlackFideId "6337848"]
[EventDate "2016.01.30"]

1. Nf3 c5 2. g3 b6 3. Bg2 Bb7 4. c4 d6 5. O-O g6 6. Nc3 Bg7 7. d4 cxd4 8. Nxd4
Bxg2 9. Kxg2 Qc8 10. b3 h5 11. h3 Nh6 12. e3 Nc6 13. Bb2 Nf5 14. Nxc6 Qxc6+ 15.
Qf3 Qxf3+ 16. Kxf3 Kd7 17. Rad1 Bf6 18. Na4 Bxb2 19. Nxb2 Ng7 20. e4 f6 21. Nd3
Ne6 22. Nf4 g5 23. Nxe6 Kxe6 24. Rd5 Rac8 25. Ke3 h4 26. g4 Rc5 27. f4 Rg8 28.
fxg5 Rxg5 29. Rff5 Kd7 30. Rxg5 fxg5 31. Rf5 Ke6 32. Kd4 Kd7 33. b4 Rxf5 34.
exf5 e6 35. fxe6+ Kxe6 36. b5 Kf6 37. Kd5 Ke7 38. a3 Kd7 39. a4 Ke7 40. Kc6 Ke6
41. Kb7 Ke5 42. Kxa7 Kf4 43. a5 1-0

[Event "Turkish Cup 2016"]
[Site "Manavgat TUR"]
[Date "2016.02.03"]
[Round "7.36"]
[White "Ozenir, Ekin Baris"]
[Black "Benk, Tolga Tugay"]
[Result "0-1"]
[WhiteTitle "CM"]
[WhiteElo "2097"]
[BlackElo "1863"]
[WhiteTeam "MERSIN"]
[BlackTeam "KARAMAN"]
[WhiteFideId "6357415"]
[BlackFideId "6309488"]
[EventDate "2016.01.30"]

1. d4 g6 2. c4 Bg7 3. Nc3 d6 4. e4 Nc6 5. Be3 e5 6. d5 Nce7 7. Bd3 f5 8. f3 Nf6
9. Qd2 O-O 10. Nge2 c5 11. O-O-O fxe4 12. Nxe4 Nf5 13. Bg5 Qc7 14. g4 Nxe4 15.
Bxe4 Nd4 16. Nxd4 cxd4 17. Kb1 Bf6 18. h4 Qe7 19. Rh2 Bd7 20. Rdh1 Rf7 21. Qd3
Rg7 22. Bxf6 Qxf6 23. g5 Qf4 24. h5 Kf7 25. hxg6+ hxg6 26. Bxg6+ Ke7 27. Be4
Qxg5 28. c5 dxc5 29. Qa3 Rc8 30. Qxa7 d3 31. Bxd3 Qe3 32. Be4 Rg1+ 33. Kc2 Qc1+
34. Kb3 Rxh1 35. d6+ Kf6 36. Rc2 Qe3+ 37. Rc3 Qd4 0-1

[Event "Turkish Cup 2016"]
[Site "Manavgat TUR"]
[Date "2016.02.03"]
[Round "7.37"]
[White "Suzan, Ufuk"]
[Black "Olcum, Ahmet"]
[Result "0-1"]
[WhiteElo "1835"]
[BlackElo "2013"]
[WhiteTeam "MUGLA"]
[BlackTeam "KARAMAN"]
[WhiteFideId "6306160"]
[BlackFideId "6311393"]
[EventDate "2016.01.30"]

1. e4 g6 2. d4 d6 3. Nc3 Bg7 4. Be3 a6 5. Qd2 Nd7 6. f3 b5 7. g4 Bb7 8. h4 h6 9.
Nge2 c5 10. Ng3 e6 11. Bg2 Ne7 12. f4 Nb6 13. b3 Nc6 14. Nce2 cxd4 15. Nxd4 Nxd4
16. Bxd4 e5 17. Bb2 Qc7 18. O-O-O O-O-O 19. h5 d5 20. f5 Bf6 21. Qe2 Bg5+ 22.
Kb1 Bf4 23. Qe1 g5 24. exd5 Nxd5 25. Ne4 Ne3 26. Rxd8+ Rxd8 27. Qf2 Nxg2 28. Nc5
Be3 29. Qg3 Qxc5 30. Bxe5 Be4 0-1

[Event "Turkish Cup 2016"]
[Site "Manavgat TUR"]
[Date "2016.02.03"]
[Round "7.38"]
[White "Kilic, Ihsan"]
[Black "Ozsarilar, Osman Nuri"]
[Result "1-0"]
[WhiteElo "2061"]
[BlackElo "1864"]
[WhiteTeam "MERSIN"]
[BlackTeam "ERZURUM"]
[WhiteFideId "6305334"]
[BlackFideId "6366414"]
[EventDate "2016.01.30"]

1. d4 Nf6 2. Bf4 e6 3. e3 c5 4. c4 d5 5. Nc3 Nc6 6. Nf3 cxd4 7. exd4 Bb4 8. Bd3
O-O 9. O-O Bxc3 10. bxc3 dxc4 11. Bxc4 Nd5 12. Bd2 b6 13. Re1 Bb7 14. Rc1 a6 15.
Bd3 Nf6 16. Bg5 Ne7 17. Bxf6 gxf6 18. Be4 Bxe4 19. Rxe4 f5 20. Rh4 Ng6 21. Rh3
Ra7 22. Qd2 f6 23. Re1 Re8 24. Nh4 Rg7 25. Qh6 Nxh4 26. Qxh4 Ree7 27. Qxf6 Rxg2+
28. Kxg2 Rg7+ 29. Qxg7+ Kxg7 30. Re5 Qa8+ 31. Kg1 Qc6 32. Rhe3 f4 33. Rxe6 Qb5
34. R3e5 Qb1+ 35. Kg2 Qd1 36. h3 Qb1 37. d5 Qxa2 38. d6 Qd2 39. c4 a5 40. Rd5
f3+ 41. Kg3 Qc1 42. d7 Qg1+ 43. Kxf3 Qh1+ 44. Ke2 Qxh3 45. Re7+ Kf6 46. d8=Q 1-0

[Event "Turkish Cup 2016"]
[Site "Manavgat TUR"]
[Date "2016.02.03"]
[Round "7.39"]
[White "Kucukdogerli, Murat Can"]
[Black "Samani, Yamac"]
[Result "0-1"]
[WhiteElo "1888"]
[BlackElo "2076"]
[WhiteTeam "ANKARA"]
[BlackTeam "K.K.T.C."]
[WhiteFideId "6341071"]
[BlackFideId "6352634"]
[EventDate "2016.01.30"]

1. e4 e5 2. Nf3 Nc6 3. Bc4 Nf6 4. d3 Be7 5. c3 O-O 6. O-O d6 7. Re1 Na5 8. Bb5
a6 9. Ba4 b5 10. Bc2 c5 11. Nbd2 Nc6 12. Nf1 Re8 13. h3 h6 14. d4 cxd4 15. cxd4
exd4 16. Nxd4 Nxd4 17. Qxd4 Be6 18. Bf4 Rc8 19. Ne3 d5 20. e5 Bc5 21. Qd3 Ne4
22. Re2 Qh4 23. Bh2 Qg5 24. f4 Qg6 25. Kh1 Bxe3 26. Qxe3 Rxc2 27. Rxc2 Ng3+ 28.
Qxg3 Qxc2 29. Qb3 Rc8 30. Qxc2 Rxc2 31. g4 d4 0-1

[Event "Turkish Cup 2016"]
[Site "Manavgat TUR"]
[Date "2016.02.03"]
[Round "7.40"]
[White "Demircin, Kasim"]
[Black "Ibik, Halit Yavuz"]
[Result "0-1"]
[WhiteElo "1950"]
[BlackElo "1843"]
[WhiteTeam "MUS"]
[BlackTeam "ANKARA"]
[WhiteFideId "6306098"]
[BlackFideId "6336108"]
[EventDate "2016.01.30"]

1. Nf3 d5 2. c4 c6 3. e3 Nf6 4. b3 Bf5 5. Be2 h6 6. O-O e6 7. Bb2 Bd6 8. d3 O-O
9. Nbd2 Nbd7 10. h3 e5 11. d4 e4 12. Ne5 Qe7 13. Ng4 Nxg4 14. Bxg4 Bxg4 15. Qxg4
f5 16. Qh5 Kh7 17. f4 g6 18. Qe2 g5 19. g3 Rg8 20. Kh2 Nf6 21. Rg1 gxf4 22. exf4
Rg7 23. Nf1 Bxf4 24. gxf4 Ng4+ 25. Rxg4 fxg4 26. Ne3 Qh4 27. Qg2 g3+ 28. Kh1
Qxf4 29. Ng4 Rf8 30. Re1 Rxg4 31. hxg4 Qxg4 32. Re2 e3 33. Rxe3 Qh5+ 34. Kg1
Qd1+ 0-1

[Event "Turkish Cup 2016"]
[Site "Manavgat TUR"]
[Date "2016.02.03"]
[Round "7.41"]
[White "Basaran, Cahit"]
[Black "Tasdogen, Dincer"]
[Result "0-1"]
[WhiteElo "1825"]
[BlackElo "1984"]
[WhiteTeam "ERZURUM"]
[BlackTeam "ANTALYA"]
[WhiteFideId "6318380"]
[BlackFideId "6367097"]
[EventDate "2016.01.30"]

1. e4 c5 2. Nf3 Nc6 3. d4 cxd4 4. Nxd4 Nf6 5. Nc3 e6 6. Ndb5 Bb4 7. a3 Bxc3+ 8.
Nxc3 d5 9. exd5 exd5 10. Bd3 O-O 11. O-O d4 12. Ne4 Bf5 13. Bg5 Bxe4 14. Bxe4 h6
15. Bh4 g5 16. Bxc6 bxc6 17. Bg3 Qd5 18. f3 Rfe8 19. Qd2 Rad8 20. h4 Nh5 21. Bf2
Nf4 22. Rfe1 c5 23. Bg3 Qf5 24. Bxf4 Qxf4 25. Qxf4 gxf4 26. Kf2 Kg7 27. Re4 Rxe4
28. fxe4 Kf6 29. b4 c4 30. b5 Ke5 31. a4 Rb8 32. Kf3 d3 33. cxd3 cxd3 34. Rd1
Kd4 35. Kxf4 Re8 36. e5 Kc3 37. g4 Kc2 38. Rh1 d2 39. Kf5 d1=Q 40. Rxd1 Kxd1 41.
Kf6 Ke2 42. g5 hxg5 43. hxg5 Kd3 44. a5 Re6+ 45. Kxf7 Rxe5 46. g6 Rxb5 47. a6
Kc4 48. g7 Rb8 49. g8=Q Rxg8 50. Kxg8 Kb5 51. Kf7 Kxa6 52. Ke6 Kb5 53. Ke5 Kc4
54. Ke4 a5 55. Ke3 Kc3 56. Ke2 Kc2 57. Ke3 a4 58. Kd4 a3 59. Kc4 a2 60. Kb4 a1=Q
61. Kb5 Qc3 62. Ka4 Qb3+ 63. Ka5 Qb7 64. Ka4 Qb6 65. Ka3 Qb3# 0-1

[Event "Turkish Cup 2016"]
[Site "Manavgat TUR"]
[Date "2016.02.03"]
[Round "7.42"]
[White "Alper, Metin"]
[Black "Akdagli, Gokhan"]
[Result "1/2-1/2"]
[WhiteElo "1959"]
[BlackElo "1804"]
[WhiteTeam "KARAMAN"]
[BlackTeam "IZMIR"]
[WhiteFideId "6302238"]
[BlackFideId "6308910"]
[EventDate "2016.01.30"]

1. c4 c6 2. Nf3 Nf6 3. d4 d5 4. Nc3 dxc4 5. a4 Bf5 6. Ne5 e6 7. Nxc4 Bb4 8. e3
Ne4 9. Bd2 Nxd2 10. Qxd2 O-O 11. Bd3 Bxd3 12. Qxd3 c5 13. Rd1 cxd4 14. exd4 Nc6
15. O-O Ne7 16. Ne4 Rc8 17. Ne3 Nd5 18. Qb3 a5 19. Nxd5 Qxd5 20. Qd3 Rfd8 21.
Nc3 Qc4 22. Nb5 Qxd3 23. Rxd3 Rc2 24. b3 Rd5 25. f4 g6 26. Rf2 Rc1+ 27. Rf1
Rxf1+ 28. Kxf1 1/2-1/2

[Event "Turkish Cup 2016"]
[Site "Manavgat TUR"]
[Date "2016.02.03"]
[Round "7.43"]
[White "Arda, Cagil Irmak"]
[Black "Eryigit, Yakup"]
[Result "1/2-1/2"]
[WhiteTitle "WCM"]
[WhiteElo "1907"]
[BlackElo "1941"]
[WhiteTeam "ISTANBUL"]
[BlackTeam "BURDUR"]
[WhiteFideId "6351700"]
[BlackFideId "6340660"]
[EventDate "2016.01.30"]

1. e4 c5 2. Nf3 d6 3. d4 cxd4 4. Nxd4 Nf6 5. f3 Nc6 6. c4 e6 7. Be3 Be7 8. Be2
O-O 9. O-O d5 10. cxd5 exd5 11. Nxc6 bxc6 12. e5 Nd7 13. f4 f5 14. Nc3 Nc5 15.
Rc1 Ne6 16. Qb3 Qa5 17. Rfd1 Rd8 18. Bf3 Nc7 19. Qa4 Qxa4 20. Nxa4 Bd7 21. Nc5
Bxc5 22. Rxc5 a5 23. Rc3 Rdb8 24. Rd2 Ne6 25. Bd1 Rb4 26. a3 Rb7 27. Ba4 Ra6 28.
g3 Kf7 29. Kg2 Ke8 30. b3 Kf7 31. Bc5 g5 32. Kf3 Ra8 33. Rc1 gxf4 34. gxf4 Rg8
35. h3 h5 36. Bf2 Rc8 37. Rd3 c5 38. Rxd5 Bxa4 39. bxa4 Rb3+ 40. Be3 Rg8 41. Kf2
Rb2+ 42. Rd2 Rxd2+ 43. Bxd2 Rd8 44. Bxa5 Ra8 45. Bb6 Rxa4 46. Bxc5 Nxf4 47. Rc3
Ke6 48. Bd6 Ng6 1/2-1/2

[Event "Turkish Cup 2016"]
[Site "Manavgat TUR"]
[Date "2016.02.03"]
[Round "7.44"]
[White "Sumer, Gun"]
[Black "Kerem, Halil Ozgun"]
[Result "1-0"]
[WhiteElo "1969"]
[BlackElo "1848"]
[WhiteTeam "SIVAS"]
[BlackTeam "KARAMAN"]
[WhiteFideId "6311784"]
[BlackFideId "6348475"]
[EventDate "2016.01.30"]

1. e4 c5 2. Nf3 d6 3. d4 cxd4 4. Qxd4 Nc6 5. Bb5 Bd7 6. Bxc6 Bxc6 7. Nc3 h6 8.
Be3 e5 9. Qc4 Nf6 10. O-O-O Qa5 11. Kb1 Be7 12. b4 d5 13. Nxd5 Bxd5 14. Rxd5
Qxb4+ 15. Qxb4 Bxb4 16. Rxe5+ Kf8 17. Rb5 a5 18. e5 Ne4 19. Rxb7 Kg8 20. Bd4 Kh7
21. a3 Bxa3 22. Ka2 Bb4 23. Rxf7 Rhc8 24. e6 Kg8 25. Rxg7+ Kf8 26. Nh4 Ke8 27.
Ng6 1-0

[Event "Turkish Cup 2016"]
[Site "Manavgat TUR"]
[Date "2016.02.03"]
[Round "7.45"]
[White "Demir, Hilmi Mustafa"]
[Black "Kiremitciyan, Ari"]
[Result "0-1"]
[WhiteElo "1823"]
[BlackElo "1998"]
[WhiteTeam "ANTALYA"]
[BlackTeam "ISTANBUL"]
[WhiteFideId "6303099"]
[BlackFideId "6373445"]
[EventDate "2016.01.30"]

1. e4 c5 2. Nf3 e6 3. d4 cxd4 4. Nxd4 a6 5. Nc3 Qc7 6. Bd3 Nf6 7. O-O b5 8. Re1
d6 9. Bg5 Be7 10. Qe2 Nbd7 11. a3 O-O 12. Bf4 Ne5 13. Bg3 Bb7 14. Rad1 Rfd8 15.
Nf3 Nh5 16. Nxe5 Nxg3 17. Qf3 dxe5 18. Qxg3 b4 19. Nb1 bxa3 20. Nxa3 Bb4 21. Rf1
Bxa3 22. bxa3 Rd4 23. Qe3 Qc3 24. Rb1 Bxe4 25. Bxe4 Qxe3 26. Bxh7+ Kxh7 27. fxe3
Rd7 28. Rfd1 Rc7 29. Rd2 Rac8 30. Rb6 Rc6 31. Rxc6 Rxc6 32. Rd7 Kg6 33. Ra7 Rxc2
34. Rxa6 Re2 35. a4 Rxe3 36. Kf2 Ra3 37. a5 Kf6 38. Ra7 g5 39. a6 e4 40. Ra8 Ke5
41. a7 f5 42. Rg8 Rxa7 43. Rxg5 Kf4 44. Rg8 Ra2+ 45. Ke1 Ke3 46. Rg3+ Kf4 47.
Rg6 Ke3 48. Rg3+ Kd4 49. Rg8 f4 50. h4 Ke3 51. Kd1 Ra1+ 52. Kc2 Rh1 53. Rg4 e5
54. Kc3 f3 55. gxf3 exf3 0-1

[Event "Turkish Cup 2016"]
[Site "Manavgat TUR"]
[Date "2016.02.03"]
[Round "7.47"]
[White "Aksoy, Atilla"]
[Black "Aydin, Hasan Bora"]
[Result "0-1"]
[WhiteElo "1767"]
[BlackElo "1956"]
[WhiteTeam "CANAKKALE"]
[BlackTeam "ISTANBUL"]
[WhiteFideId "6332404"]
[BlackFideId "6336612"]
[EventDate "2016.01.30"]

1. e4 c5 2. Nf3 g6 3. d4 cxd4 4. Qxd4 Nf6 5. e5 Nc6 6. Qa4 Nd5 7. Bb5 Bg7 8.
Bxc6 dxc6 9. O-O O-O 10. Qh4 f6 11. Bh6 g5 12. Bxg5 fxg5 13. Nxg5 h6 14. Nh3
Bxh3 15. Qxh3 Nf4 16. Qe3 Qd5 17. f3 Qxe5 18. Qxe5 Bxe5 19. Nd2 Bxb2 20. Rab1
Bd4+ 21. Kh1 b6 22. Ne4 Rad8 23. Rb3 Bg7 24. h4 Rd7 25. g3 Ne6 26. Ra3 Nc5 27.
Nxc5 bxc5 28. f4 c4 29. Ra6 c3 30. Re1 Rb8 31. Kg2 Rb2 32. Kf3 Rxc2 33. Rxc6
Rxa2 34. Kg4 Rb2 35. Kf5 Kf7 36. g4 Rb5+ 37. Ke4 Rb6 0-1